000
00283nam a2200109Ia 4500
008
221030s9999 xx 000 0 und d
245
0
_a
Performance Appraisal of Bon Media Pvt. Ltd.
260
_b
Bon Media Pvt. Ltd
_a
Mohali
_c
2014
300
_a
63
650
_a
Management
942
_c
TH
999
_c
16530
_d
16530